Family in French (Father,Mother..) - Statistics

General Stats
  • This quiz has been taken 57 times
  • The average score is 19 of 25
Answer Stats
Hint Answer % Correct
Mother Mère
100%
Father Père
100%
Brother Frère
93%
Grand-Mother Grand-Mère
93%
Grand-Father Grand-Père
93%
Daughter Fille
90%
Girl Fille
90%
Parents Parents
90%
Family Famille
87%
Son Fils
87%
Wife Femme
83%
Woman Femme
83%
Man Homme
83%
Uncle Oncle
83%
Sister Sœur
77%
Boy Garçon
73%
Male Cousin Cousin
70%
Femal Cousin Cousine
70%
Child Enfant
70%
Husband Mari
67%
Aunt Tante
67%
Grand-Son Petit-Fils
53%
Niece Nièce
50%
Grand-Daughter Petit-Fille
47%
Nephew Neveu
40%
No matching quizzes found
Score Distribution
Percent of People with Each Score
Percentile by Number Answered
Your Score History
You have not taken this quiz